[Event "Open 35 - 2017 Principal"]
[Site "?"]
[Date "2017.07.12"]
[Round "7"]
[White "Van Kempen, Roderick"]
[Black "Le Duigou, Goulven"]
[Result "1/2-1/2"]
[WhiteElo "2019"]
[BlackElo "1916"]
[Annotator "Doe,John"]
[PlyCount "64"]

1. e4 e5 2. Nf3 Nc6 3. Bb5 f5 4. d3 fxe4 5. dxe4 Bc5 6. O-O Nf6 7. Qe2 d6 8.
Qc4 Qe7 9. Nc3 Bd7 10. Nd5 Nxd5 11. exd5 Nd4 12. Nxd4 Bxd4 13. c3 Bb6 14. a4 a6
15. Bxd7+ Qxd7 16. Be3 O-O 17. a5 Bxe3 18. fxe3 Qe7 19. b4 h5 20. Qe4 Qg5 {(=)}
21. Kh1 Rf6 22. Rxf6 Qxf6 23. Qf3 Rf8 24. Rf1 Qe7 25. Qxf8+ Qxf8 26. Rxf8+ Kxf8
27. e4 g5 28. Kg1 Ke7 29. Kf2 Kf6 30. Ke3 Ke7 31. Kd3 Kd7 32. g3 Ke7 1/2-1/2

[Event "Open 35 - 2017 Principal"]
[Site "?"]
[Date "2017.07.13"]
[Round "8"]
[White "Théon, Pierre"]
[Black "Sauvaget, Franck"]
[Result "1/2-1/2"]
[WhiteElo "2150"]
[BlackElo "2065"]
[Annotator "Doe,John"]
[PlyCount "89"]

1. e4 e5 2. Nf3 Nc6 3. Bc4 Nf6 4. d4 exd4 5. e5 Ne4 6. Qe2 Nc5 7. c3 Ne6 8. O-O
Be7 9. Qe4 d5 10. Qxd5 Qxd5 11. Bxd5 dxc3 12. Nxc3 Bd7 13. a3 h6 14. b4 O-O 15.
Rd1 Rfd8 16. Ra2 Be8 17. Be3 Rd7 18. Rad2 Kf8 19. Ne4 Rad8 20. Ng3 Bg5 21. Nxg5
hxg5 22. Ne4 Nxe5 23. Bxb7 Rxd2 24. Rxd2 Nc4 25. Rxd8 Nxd8 26. Bc5+ Kg8 27. Bd5
Nxa3 28. Nxg5 Nb5 29. f3 g6 30. Kf2 Kg7 31. Ke3 Bd7 32. g4 f6 33. Ne4 Be6 34.
Be7 f5 35. gxf5 gxf5 36. Bxd8 Bxd5 37. Nc5 c6 38. Nd3 Bc4 39. Ne5 Bd5 40. Nd3
Bc4 41. Nf4 Nd6 {(=)} 42. Kd4 Bb5 43. Bc7 Nf7 44. h4 Kf6 45. Nh5+ 1/2-1/2

[Event "Open 35 - 2017 Principal"]
[Site "?"]
[Date "2017.07.13"]
[Round "8"]
[White "Ruhlmann, Hélène"]
[Black "Durand Le Ludec, Brendan-Budok"]
[Result "0-1"]
[WhiteElo "1861"]
[BlackElo "2184"]
[PlyCount "44"]

1. Nf3 Nf6 2. g3 g6 3. b4 Bg7 4. Bb2 O-O 5. Bg2 d6 6. d3 a5 7. b5 e5 8. Nbd2 a4
9. c4 Nbd7 10. Rb1 Nc5 11. O-O Bf5 12. Ne1 Qd7 13. Nc2 Bh3 14. Nf3 Bxg2 15.
Kxg2 Rae8 16. Ne3 Nh5 17. Ba3 e4 18. Ne1 exd3 19. exd3 f5 20. Bb2 f4 21. Bxg7
fxe3 22. d4 e2 0-1

[Event "Open 35 - 2017 Principal"]
[Site "?"]
[Date "2017.07.13"]
[Round "8"]
[White "Damen, Igor"]
[Black "Tardi, Oscar"]
[Result "1-0"]
[WhiteElo "1997"]
[BlackElo "1900"]
[PlyCount "55"]

1. e4 Nf6 2. e5 Nd5 3. Nc3 Nxc3 4. dxc3 Nc6 5. Nf3 d6 6. Bc4 e6 7. Qe2 Na5 8.
Bd3 d5 9. b4 Nc6 10. O-O Be7 11. Bd2 Nb8 12. Nd4 c5 13. bxc5 Bxc5 14. Qg4 Kf8
15. Kh1 Nc6 16. Rae1 h5 17. Qf4 a6 18. Nf3 Be7 19. h4 b5 20. Be3 Na5 21. Ng5 f5
22. exf6 gxf6 23. Bd4 Bd6 24. Qf3 Rh6 25. Nxe6+ Bxe6 26. Rxe6 Be7 27. Rfe1 Nc4
28. Qf4 1-0

[Event "Open 35 - 2017 Principal"]
[Site "?"]
[Date "2017.07.13"]
[Round "8"]
[White "Jackson, Thomas"]
[Black "Ferret Leger, Gaspard"]
[Result "1/2-1/2"]
[WhiteElo "2043"]
[BlackElo "1897"]
[Annotator "Doe,John"]
[PlyCount "47"]

1. d4 Nf6 2. Bg5 Ne4 3. Bf4 d5 4. e3 c5 5. Bd3 cxd4 6. Bxe4 dxe4 7. Qxd4 Nc6 8.
Qxd8+ Nxd8 9. Nc3 f6 10. Bc7 Nf7 11. O-O-O Bf5 12. Nge2 Rc8 13. Ba5 e5 14. Nd5
b6 15. Bb4 Bxb4 16. Nxb4 Be6 17. Nc3 O-O 18. Nxe4 Rc4 19. Nd6 Rxb4 20. b3 Rd8
21. Nxf7 Rxd1+ 22. Rxd1 Kxf7 23. c4 Ke7 24. Kc2 {(=)} 1/2-1/2

[Event "Open 35 - 2017 Principal"]
[Site "?"]
[Date "2017.07.13"]
[Round "8"]
[White "Rider, Palmer"]
[Black "Van Kempen, Roderick"]
[Result "1/2-1/2"]
[WhiteElo "1847"]
[BlackElo "2019"]
[PlyCount "62"]

1. e4 e6 2. d4 d5 3. Nd2 Nc6 4. Ngf3 Nf6 5. e5 Nd7 6. Nb3 a5 7. a4 Be7 8. Bb5
O-O 9. O-O Ncb8 10. c4 c6 11. cxd5 cxb5 12. d6 Bxd6 13. exd6 bxa4 14. Rxa4 Nb6
15. Rxa5 Rxa5 16. Nxa5 Qxd6 17. Ne5 Nc6 18. Naxc6 bxc6 19. Qg4 f6 20. Bh6 Qc7
21. Nxc6 Kh8 22. Qf4 Qxc6 23. Rc1 Qe8 24. Qc7 gxh6 25. Qxb6 Qg6 26. Qb8 Rg8 27.
g3 Bd7 28. Qd6 Bc8 29. Qb8 Ba6 30. Qd6 Bc8 31. Qb8 Bd7 1/2-1/2

[Event "Open 35 - 2017 Principal"]
[Site "?"]
[Date "2017.07.13"]
[Round "8"]
[White "Pellegrini, Thibaud"]
[Black "Letemple, Frédéric"]
[Result "1-0"]
[WhiteElo "1795"]
[BlackElo "1937"]
[PlyCount "45"]

1. e4 c5 2. Nc3 a6 3. g3 Nc6 4. Bg2 d6 5. d3 g6 6. Be3 Bg7 7. Qd2 Nf6 8. h3 O-O
9. Nge2 e6 10. O-O Qc7 11. f4 Rb8 12. Rae1 b5 13. e5 dxe5 14. Bxc5 Rd8 15. Bf2
Bb7 16. fxe5 Nxe5 17. Bd4 Bxg2 18. Bxe5 Qxe5 19. Kxg2 Ne4 20. Qc1 Nxc3 21. Nxc3
Qc7 22. Ne4 Rxd3 23. cxd3 1-0

[Event "Open 35 - 2017 Principal"]
[Site "?"]
[Date "2017.07.14"]
[Round "9"]
[White "Marie, Xavier"]
[Black "Jackson, Thomas"]
[Result "1/2-1/2"]
[WhiteElo "1851"]
[BlackElo "2043"]
[Annotator "Doe,John"]
[PlyCount "39"]

1. d4 Nf6 2. c4 e6 3. Nf3 b6 4. g3 c6 5. Bg2 Be7 6. O-O O-O 7. Qc2 d5 8. Ne5
Nfd7 9. Nxd7 Nxd7 10. e4 Ba6 11. b3 Rc8 12. Bb2 dxe4 13. Bxe4 Nf6 14. Bg2 c5 {
(=)} 15. Rd1 cxd4 16. Bxd4 Qc7 17. Qe2 Bc5 18. Be5 Qe7 19. Nd2 Rfd8 20. Ne4 {
(=)} 1/2-1/2

[Event "Open 35 - 2017 Principal"]
[Site "?"]
[Date "2017.07.14"]
[Round "9"]
[White "Fournis D' Albiat, Vincent"]
[Black "Théon, Pierre"]
[Result "0-1"]
[WhiteElo "1445"]
[BlackElo "2150"]
[PlyCount "58"]

1. d4 e6 2. Nf3 f5 3. g3 Nf6 4. Bg2 d5 5. O-O Bd6 6. c4 O-O 7. Nc3 c6 8. Qb3
Qe7 9. a3 Nbd7 10. Qa2 a5 11. b3 Ne4 12. Qb2 b6 13. Rb1 Ba6 14. Nd2 Bxa3 15.
Qc2 Nxc3 16. Qxc3 Bb4 17. Qc2 Nf6 18. Nf3 Rac8 19. Ne5 Rfd8 20. Rd1 c5 21. cxd5
Nxd5 22. Bxd5 Rxd5 23. Bf4 Bb7 24. Rbc1 Ba3 25. Ra1 cxd4 26. Qb1 Bd6 27. Nc4
Bxf4 28. Nxb6 Bc7 29. Nxd5 Bxd5 0-1

[Event "Open 35 - 2017 Principal"]
[Site "?"]
[Date "2017.07.14"]
[Round "9"]
[White "Neau, Julien"]
[Black "Bordais, Benjamin"]
[Result "0-1"]
[WhiteElo "1930"]
[BlackElo "2114"]
[PlyCount "58"]

1. d4 d5 2. c4 dxc4 3. e3 e5 4. Bxc4 Nc6 5. d5 Nce7 6. Nc3 Ng6 7. Qa4+ Bd7 8.
Qb3 Bd6 9. Qxb7 Rb8 10. Qa6 Rb6 11. Qxa7 f5 12. Nf3 Nh6 13. a3 O-O 14. b4 Qe7
15. b5 f4 16. Qa4 e4 17. Nd4 Nh4 18. Bf1 f3 19. g3 Ng2+ 20. Bxg2 fxg2 21. Rg1
Ng4 22. Rxg2 Ne5 23. Ne6 Nf3+ 24. Ke2 Be5 25. Nxf8 Qxf8 26. Rb1 Bxc3 27. Rb3
Nd4+ 28. Kf1 Qf3 29. Qa8+ Kf7 0-1

[Event "Open 35 - 2017 Principal"]
[Site "?"]
[Date "2017.07.14"]
[Round "9"]
[White "Bourgois, Bastien"]
[Black "Damen, Igor"]
[Result "0-1"]
[WhiteElo "2068"]
[BlackElo "1997"]
[PlyCount "105"]

1. d4 d5 2. c4 c6 3. Nc3 Nf6 4. Nf3 e6 5. Bg5 h6 6. Bh4 dxc4 7. e4 g5 8. Bg3
Bb4 9. e5 Nd5 10. Qc2 b5 11. h4 g4 12. Nd2 Qb6 13. a3 Be7 14. Rd1 Nxc3 15. Qxc3
Bb7 16. Ne4 Nd7 17. Be2 h5 18. O-O c5 19. dxc5 Qc6 20. f3 Bxc5+ 21. Bf2 Bxf2+
22. Rxf2 g3 23. Nd6+ Ke7 24. Rff1 Qc5+ 25. Kh1 Bc6 26. f4 Rag8 27. Qd4 Qxd4 28.
Rxd4 f6 29. exf6+ Nxf6 30. Bf3 Bxf3 31. Rxf3 Rd8 32. Nxb5 a6 33. Rxd8 Rxd8 34.
Nc3 Ne4 35. Rf1 Nxc3 36. bxc3 Rd3 37. Rc1 Kf6 38. Kg1 Kf5 39. Kf1 Re3 40. Rd1
Rxc3 41. Rd4 Rc2 42. Ke1 Rxg2 43. Rxc4 Ra2 44. Kf1 Rxa3 45. Kg2 Kg4 46. Rc2 Rf3
47. f5 exf5 48. Rc4+ f4 49. Kg1 Rb3 50. Ra4 a5 51. Rc4 Rb4 52. Rc5 Rb1+ 53. Kg2
0-1

[Event "Open 35 - 2017 Principal"]
[Site "?"]
[Date "2017.07.14"]
[Round "9"]
[White "Van Kempen, Roderick"]
[Black "Seïte, Yamina"]
[Result "0-1"]
[WhiteElo "2019"]
[BlackElo "1786"]
[PlyCount "68"]

1. e4 e6 2. d4 d5 3. Nd2 Nf6 4. e5 Nfd7 5. Bd3 c5 6. c3 Nc6 7. Ne2 cxd4 8. cxd4
f6 9. Nf4 Nxd4 10. Qh5+ Ke7 11. Ng6+ hxg6 12. exf6+ Nxf6 13. Qxh8 Kf7 14. Qh4
e5 15. Nf3 Nxf3+ 16. gxf3 Bf5 17. Bxf5 gxf5 18. Bg5 Be7 19. O-O Qd6 20. Rac1
Re8 21. Rfd1 d4 22. Bxf6 Bxf6 23. Qh3 g6 24. f4 e4 25. Qb3+ Kg7 26. Qxb7+ Re7
27. Qb3 d3 28. Rc8 Qxf4 29. Qg8+ Kh6 30. Qf8+ Kg5 31. h4+ Qxh4 32. Rc6 Qg4+ 33.
Kf1 Qh3+ 34. Kg1 Qh8 0-1

[Event "Open 35 - 2017 Principal"]
[Site "?"]
[Date "2017.07.14"]
[Round "9"]
[White "Tardi, Oscar"]
[Black "Rider, Palmer"]
[Result "1-0"]
[WhiteElo "1900"]
[BlackElo "1847"]
[PlyCount "103"]

1. e4 c5 2. Nf3 g6 3. c3 Bg7 4. d4 cxd4 5. cxd4 d5 6. e5 Nh6 7. Nc3 Bg4 8. Bb5+
Nc6 9. O-O O-O 10. Bxc6 bxc6 11. h3 Bd7 12. Na4 f6 13. exf6 exf6 14. Nc5 Bf5
15. Nh4 Bd7 16. Be3 Rb8 17. Qd2 Nf5 18. Nxf5 Bxf5 19. Rac1 Re8 20. Bf4 Rb6 21.
g4 Bc8 22. Rfe1 g5 23. Rxe8+ Qxe8 24. Bc7 h5 25. f3 f5 26. Bxb6 axb6 27. Nb3
fxg4 28. Re1 Qg6 29. Qe2 Bf5 30. hxg4 hxg4 31. fxg4 Be4 32. Qh2 c5 33. Qb8+ Kh7
34. Re2 Qe6 35. Qh2+ Kg8 36. Qb8+ Kf7 37. Rf2+ Kg6 38. Qg3 c4 39. Qh3 Bf6 40.
Rh2 Kf7 41. Nc1 Bxd4+ 42. Kf1 Qf6+ 43. Ke1 Qe5 44. Ne2 Bxb2 45. Rf2+ Ke7 46.
Qh6 b5 47. Qf8+ Kd7 48. Rf7+ Kc6 49. Qc8+ Kb6 50. Rb7+ Ka5 51. Ra7+ Kb6 52.
Ra6# 1-0

[Event "Open 35 - 2017 Principal"]
[Site "?"]
[Date "2017.07.13"]
[Round "8"]
[White "Bailet, Pierre"]
[Black "Wilschut, Peter"]
[Result "1/2-1/2"]
[WhiteElo "2525"]
[BlackElo "2259"]
[Annotator "Doe,John"]
[PlyCount "88"]
[SourceDate "2017.07.14"]

1. e4 e6 2. d4 d5 3. Nd2 Nf6 4. e5 Ng8 5. Bd3 c5 6. c3 cxd4 7. cxd4 Nc6 8. Ngf3
Nge7 9. O-O Nf5 10. Nb3 a5 11. a4 Nb4 12. Be2 Bd7 13. Bd2 Rc8 14. Bc3 b6 15.
Nc1 h5 16. Qd2 g6 17. Nd3 Bh6 18. Qd1 Nxd3 19. Bxd3 O-O 20. Bd2 Bg7 21. Bg5 Qe8
22. h3 b5 23. axb5 Bxb5 24. Rxa5 Rb8 25. b3 Bxd3 26. Qxd3 Qd7 27. Rb1 Rb6 28.
b4 Rfb8 29. b5 Ne7 30. Bxe7 Qxe7 31. Ra6 R6b7 32. Rc6 Bf8 33. b6 Qe8 34. Qb5
Be7 35. Kh2 Bd8 36. Qc5 Be7 37. Qc2 Kg7 38. g3 Bd8 39. Qc5 Be7 40. Qc2 Bd8 41.
Rc8 Qd7 42. Rxb8 Rxb8 43. Qc5 Qb7 44. Qd6 {(=)} Be7 {(=)} 1/2-1/2

[Event "Open 35 - 2017 Principal"]
[Site "?"]
[Date "2017.07.13"]
[Round "8"]
[White "Bordais, Benjamin"]
[Black "Stephan, Victor"]
[Result "0-1"]
[WhiteElo "2114"]
[BlackElo "2352"]
[PlyCount "58"]

1. e4 c6 2. d4 d5 3. Nd2 dxe4 4. Nxe4 Bf5 5. Ng3 Bg6 6. Bc4 e6 7. c3 Bd6 8. Nh3
Qc7 9. Nh5 Bxh5 10. Qxh5 Nf6 11. Qe2 Nbd7 12. Ng5 O-O 13. Nf3 e5 14. Be3 Rae8
15. O-O-O e4 16. Nd2 b5 17. Bb3 a5 18. Bc2 a4 19. c4 bxc4 20. Nxc4 a3 21. Nxd6
axb2+ 22. Kxb2 Qxd6 23. Bb3 Nd5 24. Qg4 N7f6 25. Qg3 Qb4 26. Rc1 Ra8 27. Rc4
Qa3+ 28. Kb1 Rfb8 29. Bc1 Qxa2# 0-1

[Event "Open 35 - 2017 Principal"]
[Site "?"]
[Date "2017.07.13"]
[Round "8"]
[White "Cotonnec, Melkior"]
[Black "Bourgois, Bastien"]
[Result "1-0"]
[WhiteElo "2320"]
[BlackElo "2068"]
[PlyCount "99"]

1. e4 c5 2. Nc3 Nc6 3. Bb5 Nd4 4. Nf3 a6 5. Bc4 b5 6. Bd5 Rb8 7. Nxd4 cxd4 8.
Ne2 Nf6 9. Bb3 Nxe4 10. Nxd4 e6 11. c3 Bb7 12. O-O Bd6 13. d3 Nf6 14. Re1 Qc7
15. h3 Bh2+ 16. Kf1 Bf4 17. Bxf4 Qxf4 18. Kg1 O-O 19. Re3 Qh6 20. a4 Nh5 21.
axb5 axb5 22. Ra5 Qg6 23. Qg4 Qxg4 24. hxg4 Nf6 25. g5 Nd5 26. Bxd5 Bxd5 27.
Rxb5 Rxb5 28. Nxb5 Rb8 29. c4 Bc6 30. Re5 Kf8 31. Kf1 Ke7 32. Nd4 Rxb2 33.
Nxc6+ dxc6 34. Ra5 Rb7 35. Ke2 Kd6 36. Ke3 f5 37. Kd4 Rb4 38. Ra7 c5+ 39. Ke3
Ke5 40. f4+ Kd6 41. Rxg7 Rb2 42. g4 fxg4 43. Rxh7 g3 44. Rh3 Ke7 45. Rxg3 Kf7
46. Rh3 Rb1 47. Rh7+ Kg6 48. Rc7 Re1+ 49. Kf2 Rd1 50. Ke2 1-0

[Event "Open 35 - 2017 Principal"]
[Site "?"]
[Date "2017.07.13"]
[Round "8"]
[White "Piankov, Evgenij"]
[Black "Neau, Julien"]
[Result "1-0"]
[WhiteElo "2249"]
[BlackElo "1930"]
[PlyCount "85"]

1. d4 Nf6 2. Nf3 g6 3. Bg5 Bg7 4. Nbd2 O-O 5. e4 d5 6. exd5 Nxd5 7. c3 c5 8.
Be2 h6 9. Bh4 Nf4 10. O-O cxd4 11. cxd4 Bxd4 12. Nxd4 Qxd4 13. Nf3 Qb6 14. Bc4
Nc6 15. Qc1 e5 16. Re1 Kg7 17. Bg3 g5 18. Nxe5 Nxe5 19. Rxe5 Qd4 20. Bxf4 gxf4
21. Qc3 Qxc3 22. bxc3 Kf6 23. Re4 Kg5 24. h4+ Kxh4 25. Rxf4+ Kg5 26. Rxf7 Rxf7
27. Bxf7 Bf5 28. Bd5 Rc8 29. Bxb7 Rxc3 30. Bd5 Bd3 31. Re1 Bc4 32. Re5+ Kf6 33.
Re6+ Kg5 34. Rc6 Rc1+ 35. Kh2 Rc2 36. Bxc4 Rxf2 37. a4 Rd2 38. a5 Rd7 39. a6 h5
40. Rc5+ Kh6 41. Rb5 Rd4 42. Bf1 Rh4+ 43. Kg1 1-0

[Event "Open Ille et Vilaine 2017"]
[Site "Rennes"]
[Date "2017.07.12"]
[Round "6.1"]
[White "Bailet, Pierre"]
[Black "Cotonnec, Melkior"]
[Result "1-0"]
[BlackElo "2320"]
[WhiteElo "2525"]
[LiveChessVersion "1.4.8"]

1. d4 {[%clk 1:30:50]} f5 {[%clk 1:19:56]} 2. g3 {[%clk 1:29:26]} Nf6
{[%clk 1:20:16]} 3. Bg2 {[%clk 1:29:46]} g6 {[%clk 1:19:25]} 4. Nf3
{[%clk 1:29:46]} Bg7 {[%clk 1:19:53]} 5. O-O {[%clk 1:30:00]} O-O
{[%clk 1:20:12]} 6. b3 {[%clk 1:30:03]} d5 {[%clk 1:14:43]} 7. c4
{[%clk 1:26:47]} e6 {[%clk 1:12:35]} 8. Qc2 {[%clk 1:18:22]} Ne4 {[%clk 1:06:35]}
9. Nbd2 {[%clk 1:06:30]} Nc6 {[%clk 0:41:11]} 10. Bb2 {[%clk 1:01:56]} Qe7
{[%clk 0:33:19]} 11. Rad1 {[%clk 0:59:04]} Bd7 {[%clk 0:32:46]} 12. Qc1
{[%clk 0:55:43]} Rac8 {[%clk 0:24:10]} 13. Ba3 {[%clk 0:38:45]} Nb4
{[%clk 0:24:38]} 14. Ne5 {[%clk 0:39:00]} a5 {[%clk 0:14:39]} 15. Nxe4
{[%clk 0:39:04]} fxe4 {[%clk 0:14:58]} 16. Bh3 {[%clk 0:35:49]} c6
{[%clk 0:12:03]} 17. Qd2 {[%clk 0:34:59]} Bxe5 {[%clk 0:08:11]} 18. dxe5
{[%clk 0:35:19]} Qc5 {[%clk 0:08:39]} 19. Qg5 {[%clk 0:31:05]} Rf7
{[%clk 0:07:53]} 20. cxd5 {[%clk 0:29:33]} cxd5 {[%clk 0:08:21]} 21. Rc1
{[%clk 0:29:35]} Qb6 {[%clk 0:08:31]} 22. Rxc8+ {[%clk 0:26:26]} Bxc8
{[%clk 0:09:00]} 23. Bg4 {[%clk 0:21:07]} Kg7 {[%clk 0:01:55]} 24. Bc1
{[%clk 0:19:53]} Nxa2 {[%clk 0:02:23]} 25. Qh6+ {[%clk 0:19:58]} Kg8
{[%clk 0:02:52]} 26. Bg5 {[%clk 0:19:53]} Qb4 {[%clk 0:00:55]} 27. Bf6
{[%clk 0:19:00]} Qf8 {[%clk 0:00:31]} 28. Qg5 {[%clk 0:16:29]} Nc3
{[%clk 0:00:34]} 29. Qe3 {[%clk 0:11:33]} Qb4 {[%clk 0:00:32]} 30. h4
{[%clk 0:11:14]} h5 {[%clk 0:00:32]} 31. Qh6 {[%clk 0:11:13]} 1-0

[Event "Open Ille et Vilaine 2017"]
[Site "Rennes"]
[Date "2017.07.12"]
[Round "6.2"]
[White "Piankov, Evgenij"]
[Black "Stephan, Victor"]
[Result "1/2-1/2"]
[BlackElo "2352"]
[WhiteElo "2249"]
[LiveChessVersion "1.4.8"]

1. d4 {[%clk 1:30:51]} b6 {[%clk 1:27:51]} 2. Nf3 {[%clk 1:30:40]} Bb7
{[%clk 1:28:13]} 3. g3 {[%clk 1:28:40]} f5 {[%clk 1:25:41]} 4. Bg2 Nf6
{[%clk 1:25:50]} 5. O-O {[%clk 1:28:17]} g6 {[%clk 1:25:08]} 6. c4
{[%clk 1:28:15]} Bg7 {[%clk 1:25:25]} 7. Nc3 {[%clk 1:28:32]} O-O
{[%clk 1:25:37]} 8. b3 Na6 {[%clk 1:19:29]} 9. Bb2 {[%clk 1:26:19]} e6
{[%clk 1:14:32]} 10. Qd2 Qe7 11. Nh4 {[%clk 1:21:02]} d5 {[%clk 1:10:53]} 12. Nf3
{[%clk 1:11:37]} Rad8 13. e3 {[%clk 1:11:33]} Ne4 {[%clk 1:00:00]} 14. Qe2
{[%clk 1:07:27]} c6 {[%clk 0:54:31]} 15. Rfd1 {[%clk 1:07:27]} Nb8
{[%clk 0:53:55]} 16. Ne5 {[%clk 1:01:20]} Nd7 {[%clk 0:51:59]} 17. Nxd7
{[%clk 0:56:58]} Rxd7 18. Rac1 {[%clk 0:52:02]} Rfd8 {[%clk 0:46:49]} 19. c5
{[%clk 0:45:34]} e5 {[%clk 0:41:55]} 20. Nxe4 {[%clk 0:45:34]} dxe4
{[%clk 0:41:18]} 21. dxe5 {[%clk 0:45:31]} Bxe5 {[%clk 0:40:09]} 22. Bxe5
{[%clk 0:45:14]} Qxe5 {[%clk 0:39:51]} 23. Rxd7 {[%clk 0:45:16]} Rxd7
{[%clk 0:40:13]} 24. cxb6 {[%clk 0:45:35]} axb6 {[%clk 0:40:28]} 25. Rd1
{[%clk 0:45:49]} Ba6 {[%clk 0:38:53]} 26. Qc2 {[%clk 0:45:34]} Qc5
{[%clk 0:35:36]} 27. Qc1 {[%clk 0:44:15]} Be2 {[%clk 0:31:56]} 28. Re1
{[%clk 0:44:35]} Qxc1 {[%clk 0:30:47]} 29. Rxc1 {[%clk 0:45:03]} Rd2
{[%clk 0:30:57]} 30. a4 {[%clk 0:44:55]} Rd1+ {[%clk 0:30:07]} 31. Rxd1
{[%clk 0:45:17]} Bxd1 {[%clk 0:30:32]} 32. b4 {[%clk 0:45:18]} Bxa4
{[%clk 0:30:34]} 33. Kf1 {[%clk 0:43:18]} Kf7 {[%clk 0:28:52]} 34. Ke2
{[%clk 0:43:53]} Ke6 {[%clk 0:28:42]} 35. Kd2 Bb5 36. g4 {[%clk 0:40:08]} h6
{[%clk 0:25:57]} 37. gxf5+ {[%clk 0:39:50]} gxf5 {[%clk 0:25:09]} 38. Kc3
{[%clk 0:38:59]} Ke5 {[%clk 0:22:18]} 39. f4+ {[%clk 0:35:34]} exf3
{[%clk 0:19:44]} 40. Bxf3 {[%clk 0:35:06]} f4 {[%clk 0:18:41]} 41. exf4+
{[%clk 0:35:00]} Kxf4 {[%clk 0:18:57]} 42. Bh5 {[%clk 0:35:06]} Ke3
{[%clk 0:17:50]} 43. Be8 {[%clk 0:34:19]} Kf3 {[%clk 0:16:55]} 44. Kd2
{[%clk 0:33:26]} Kg2 {[%clk 0:14:57]} 45. h4 {[%clk 0:33:47]} Kg3
{[%clk 0:15:18]} 46. h5 {[%clk 0:34:09]} Kf4 {[%clk 0:15:30]} 47. Kc3
{[%clk 0:33:25]} Ke5 {[%clk 0:14:42]} 48. Bd7 {[%clk 0:32:15]} Kd6
{[%clk 0:13:25]} 49. Be8 {[%clk 0:32:21]} Ke7 {[%clk 0:12:56]} 50. Bg6
{[%clk 0:32:37]} c5 {[%clk 0:12:34]} 51. bxc5 {[%clk 0:33:04]} bxc5
{[%clk 0:12:59]} 52. Kd2 {[%clk 0:33:16]} Kf6 {[%clk 0:08:51]} 53. Ke3
{[%clk 0:27:08]} Kg5 {[%clk 0:06:34]} 54. Ke4 {[%clk 0:26:15]} Bc6+
{[%clk 0:06:40]} 55. Kd3 {[%clk 0:26:28]} Bd5 {[%clk 0:06:23]} 56. Kc3
{[%clk 0:26:31]} Be6 {[%clk 0:05:39]} 57. Be8 {[%clk 0:26:39]} Bg4
{[%clk 0:05:24]} 58. Kc4 {[%clk 0:26:56]} Bxh5 {[%clk 0:05:48]} 59. Bc6
{[%clk 0:26:18]} Kf4 {[%clk 0:05:50]} 60. Kxc5 {[%clk 0:26:32]} Bg6
{[%clk 0:06:05]} 61. Kd4 {[%clk 0:26:37]} h5 {[%clk 0:06:16]} 62. Bd7
{[%clk 0:24:48]} h4 {[%clk 0:06:36]} 63. Be6 {[%clk 0:24:06]} Be4
{[%clk 0:04:47]} 64. Bd7 {[%clk 0:24:10]} Bc2 {[%clk 0:02:26]} 65. Be6
{[%clk 0:23:40]} Bd1 {[%clk 0:02:45]} 66. Kd3 {[%clk 0:23:59]} Bg4
{[%clk 0:02:20]} 67. Bxg4 {[%clk 0:24:04]} h3 {[%clk 0:02:41]} 68. Bxh3 1/2-1/2

[Event "Open Ille et Vilaine 2017"]
[Site "Rennes"]
[Date "2017.07.12"]
[Round "6.3"]
[White "Bourgois, Bastien"]
[Black "Sauvaget, Franck"]
[Result "1-0"]
[BlackElo "2065"]
[WhiteElo "2068"]
[LiveChessVersion "1.4.8"]

1. d4 {[%clk 1:30:56]} e6 {[%clk 1:30:55]} 2. c4 {[%clk 1:31:17]} b6
{[%clk 1:31:11]} 3. Nc3 {[%clk 1:29:33]} Bb4 {[%clk 1:29:58]} 4. e4
{[%clk 1:25:15]} Bb7 {[%clk 1:30:14]} 5. Qc2 {[%clk 1:24:19]} Qh4
{[%clk 1:27:47]} 6. d5 {[%clk 1:15:36]} f5 {[%clk 1:23:38]} 7. exf5
{[%clk 1:06:01]} exd5 {[%clk 1:20:18]} 8. Nf3 {[%clk 1:00:39]} Qe4+ 9. Kd1
{[%clk 1:01:06]} Qxc2+ {[%clk 1:13:51]} 10. Kxc2 Nf6 {[%clk 1:09:58]} 11. Nb5
{[%clk 0:58:04]} Na6 12. a3 {[%clk 0:38:18]} Be7 {[%clk 0:58:13]} 13. Bf4 dxc4
{[%clk 0:48:05]} 14. Bxc4 {[%clk 0:37:39]} Be4+ {[%clk 0:44:26]} 15. Bd3
{[%clk 0:34:37]} c6 {[%clk 0:33:33]} 16. Bxe4 {[%clk 0:30:18]} Nxe4
{[%clk 0:33:54]} 17. Rhe1 {[%clk 0:29:26]} d5 {[%clk 0:32:59]} 18. Nbd4
{[%clk 0:26:02]} O-O {[%clk 0:32:39]} 19. g4 {[%clk 0:24:43]} Bf6
{[%clk 0:29:44]} 20. Re2 {[%clk 0:23:33]} Bxd4 {[%clk 0:21:06]} 21. Nxd4
{[%clk 0:23:39]} Nf6 {[%clk 0:20:58]} 22. f3 {[%clk 0:22:42]} c5 {[%clk 0:19:58]}
23. Nb5 {[%clk 0:21:34]} d4 {[%clk 0:18:18]} 24. Re5 {[%clk 0:18:06]} Rfd8
{[%clk 0:17:51]} 25. Bg5 {[%clk 0:17:22]} c4 {[%clk 0:17:20]} 26. Bxf6
{[%clk 0:15:39]} gxf6 {[%clk 0:17:48]} 27. Re6 {[%clk 0:16:02]} Rd5
{[%clk 0:17:01]} 28. a4 {[%clk 0:15:11]} Nc5 {[%clk 0:16:07]} 29. Nc7
{[%clk 0:10:11]} Rad8 {[%clk 0:08:55]} 30. Nxd5 {[%clk 0:09:29]} Rxd5
{[%clk 0:09:13]} 31. Re8+ {[%clk 0:08:50]} Kf7 {[%clk 0:07:31]} 32. Rae1
{[%clk 0:08:47]} Rd7 {[%clk 0:07:15]} 33. Rh8 {[%clk 0:03:51]} Kg7
{[%clk 0:07:34]} 34. Rc8 {[%clk 0:04:14]} d3+ {[%clk 0:05:44]} 35. Kd2
{[%clk 0:03:29]} Nb3+ {[%clk 0:05:45]} 36. Kd1 {[%clk 0:02:59]} Nc5
{[%clk 0:04:29]} 37. Kd2 {[%clk 0:01:51]} Nb3+ {[%clk 0:03:55]} 38. Kc3
{[%clk 0:00:40]} Nc5 {[%clk 0:01:54]} 39. Kxc4 {[%clk 0:00:33]} Nxa4
{[%clk 0:01:45]} 40. Kb3 {[%clk 0:00:37]} Nc5+ {[%clk 0:01:19]} 41. Ka2
{[%clk 0:27:36]} a5 {[%clk 0:27:01]} 42. Kb1 {[%clk 0:26:29]} Kf7
{[%clk 0:21:48]} 43. Rc6 {[%clk 0:23:46]} Rb7 {[%clk 0:21:48]} 44. h4
{[%clk 0:22:38]} a4 {[%clk 0:20:22]} 45. Rd1 {[%clk 0:20:07]} h6 {[%clk 0:18:08]}
46. f4 {[%clk 0:18:37]} Ke7 {[%clk 0:15:04]} 47. g5 {[%clk 0:18:06]} hxg5
{[%clk 0:14:48]} 48. fxg5 {[%clk 0:18:23]} fxg5 {[%clk 0:15:11]} 49. hxg5
{[%clk 0:18:48]} Kd7 {[%clk 0:15:29]} 50. Rg6 {[%clk 0:17:38]} Rb8
{[%clk 0:15:49]} 51. Rh1 {[%clk 0:17:16]} Kc7 {[%clk 0:13:59]} 52. Rh7+
{[%clk 0:17:16]} Nd7 {[%clk 0:14:13]} 53. Rgg7 {[%clk 0:17:25]} Rd8
{[%clk 0:14:06]} 54. g6 {[%clk 0:17:06]} 1-0

[Event "Open Ille et Vilaine 2017"]
[Site "Rennes"]
[Date "2017.07.12"]
[Round "6.4"]
[White "Ruhllmann, Hélène"]
[Black "Neau, Julien"]
[Result "1-0"]
[BlackElo "1930"]
[WhiteElo "1861"]
[LiveChessVersion "1.4.8"]

1. Nf3 {[%clk 1:30:57]} Nf6 {[%clk 1:30:54]} 2. g3 {[%clk 1:31:24]} g6
{[%clk 1:31:19]} 3. b4 {[%clk 1:31:50]} Bg7 {[%clk 1:30:56]} 4. Bb2
{[%clk 1:32:15]} O-O {[%clk 1:26:56]} 5. Bg2 {[%clk 1:29:52]} d5 {[%clk 1:24:47]}
6. d3 {[%clk 1:28:09]} c5 {[%clk 1:19:12]} 7. bxc5 {[%clk 1:21:47]} Qa5+
{[%clk 1:18:41]} 8. Nbd2 {[%clk 1:21:59]} Qxc5 {[%clk 1:16:25]} 9. O-O
{[%clk 1:21:43]} Nc6 {[%clk 1:08:39]} 10. c4 {[%clk 1:16:25]} dxc4
{[%clk 0:59:33]} 11. Rc1 {[%clk 1:09:31]} Qh5 {[%clk 0:41:43]} 12. Rxc4
{[%clk 0:58:21]} Be6 {[%clk 0:40:57]} 13. Ra4 {[%clk 0:44:36]} Qb5
{[%clk 0:34:47]} 14. Bc3 {[%clk 0:38:09]} Nd5 {[%clk 0:28:59]} 15. Bxg7
{[%clk 0:37:51]} Kxg7 {[%clk 0:29:04]} 16. Qa1+ {[%clk 0:33:50]} f6 17. Nd4
{[%clk 0:27:38]} Nxd4 {[%clk 0:16:24]} 18. Rxd4 {[%clk 0:27:48]} Rfd8
{[%clk 0:09:20]} 19. Rb1 {[%clk 0:27:01]} Qc6 {[%clk 0:05:55]} 20. Rc1
{[%clk 0:21:34]} Qb6 {[%clk 0:03:08]} 21. a3 {[%clk 0:10:29]} Nc7
{[%clk 0:01:11]} 22. Rb4 {[%clk 0:10:31]} Nb5 {[%clk 0:00:52]} 23. a4
{[%clk 0:09:46]} Qa5 {[%clk 0:01:08]} 24. Rxb5 {[%clk 0:08:38]} Qxd2
{[%clk 0:01:26]} 25. Rb2 {[%clk 0:08:25]} Qg5 {[%clk 0:00:53]} 26. Rxb7
{[%clk 0:08:35]} Kf7 {[%clk 0:00:47]} 27. Rcc7 {[%clk 0:08:31]} Re8
{[%clk 0:00:44]} 28. Qa3 {[%clk 0:06:46]} f5 {[%clk 0:00:51]} 29. Bc6 1-0